Databázová aplikácia v prostredí web pre FC Malženice

Salvato in:
Dettagli Bibliografici
Autore principale: Digaňa, Dávid (Autore)
Altri autori: Masárová, Renáta (Relatore della tesi)
Natura: Manoscritto Libro
Lingua:slovacco
Pubblicazione: 2017
Soggetti:
Accesso online:http://is.stuba.sk/zp/portal_zp.pl?podrobnosti=115085
Tags: Aggiungi Tag
Nessun Tag, puoi essere il primo ad aggiungerne!!

MARC

LEADER 00000ntm a22000003a 4500
001 stuzp61054
003 SK-STU
005 20170701210434.4
007 ta
008 150427s2015----xo-----f-mn---000-0-slo-d
040 |a STU  |b slo 
041 0 |a slo 
100 1 |a Digaňa, Dávid  |u 066000  |4 aut  |U MTF Materiálovotechnologická fakulta  |T MTF Ústav aplikovanej informatiky, automatizácie a mechatroniky  |X 73428  |U M6000  |Y 86  |7 73428 
242 0 1 |a Database application in setting of web for FC Malženice  |y eng 
245 1 0 |a Databázová aplikácia v prostredí web pre FC Malženice 
260 |c 2017 
650 4 |a PHP  |2 slo 
650 4 |a HTML  |2 slo 
650 4 |a Databáza  |2 slo 
650 4 |a HTML  |2 eng 
650 4 |a PHP  |2 eng 
650 4 |a Database  |2 eng 
700 1 |a Masárová, Renáta  |u 066000  |k Z1  |4 ths  |U MTF Materiálovotechnologická fakulta  |T MTF Ústav aplikovanej informatiky, automatizácie a mechatroniky  |X 275  |U M6000  |Y 86  |7 A000000275 
856 4 |u http://is.stuba.sk/zp/portal_zp.pl?podrobnosti=115085 
996 |c M* BP-8004  |l MMSKP  |s P  |a 0  |w stuzp61054_0001